Département traversé par la méridienne verte. - Statistiques

Statistiques générales
  • Ce quiz a été pris 23 fois
  • Le résultat moyen est 18 sur 20
Statistiques - réponses
Région Nombre de communes traversée Département % Correct
Hauts de France 11 Nord
100%
Hauts de France 26 Oise
100%
Île de France 01 Paris
100%
Hauts de France 31 Pas-de-Calais
100%
Centre Val de Loire 24 Loiret
95%
Île de France 05 Seine Saint Denis
95%
Hauts de France 24 Somme
95%
Île de France 07 Val de Marne
95%
Île de France 14 Val d'Oise
95%
Occitanie 30 Aude
90%
Centre Val de Loire 28 Cher
90%
Île de France 20 Essonne
90%
Île de France 01 Hauts-de-Seine
90%
Occitanie 17 Aveyron
86%
Nouvelle Aquitaine 21 Creuse
86%
Occitanie 11 Pyrénées Orientales
86%
Occitanie 25 Tarn
86%
Auvergne Rhône Alpes 06 Allier
81%
Nouvelle Aquitaine 11 Corrèze
81%
Auvergne Rhône Alpes 23 Cantal
71%
Aucun quiz correspondant
Distribution des résultats
% des personnes avec chaque résultat
Percentile par nombre de réponses
Votre historique - résultats
Vous n’avez pas pris ce quiz